Bài giảng sức bền vật liệu

Bài giảng phần II từ chương X đến chương XV giới thiệu những nội dung như thanh chịu ứng suất thay đổi theo thời gian, thanh cong phẳng, tính ổn định, chuyển vị của hệ thanh v.v...

Na minha lista:
Detalhes bibliográficos
Autor principal: Đỗ, Tấn Dân
Formato: Livro
Idioma:Undetermined
Publicado em: Cần Thơ Trường Đại học Cần Thơ 2000
Assuntos:
Tags: Adicionar Tag
Sem tags, seja o primeiro a adicionar uma tag!
Thư viện lưu trữ: Trung tâm Học liệu Trường Đại học Cần Thơ
LEADER 00857nam a2200193Ia 4500
001 CTU_39114
008 210402s9999 xx 000 0 und d
082 |a 620.112 
082 |b D121/T.2 
100 |a Đỗ, Tấn Dân 
245 0 |a Bài giảng sức bền vật liệu 
245 0 |c Đỗ Tấn Dân (Biên soạn) 
260 |a Cần Thơ 
260 |b Trường Đại học Cần Thơ 
260 |c 2000 
520 |a Bài giảng phần II từ chương X đến chương XV giới thiệu những nội dung như thanh chịu ứng suất thay đổi theo thời gian, thanh cong phẳng, tính ổn định, chuyển vị của hệ thanh v.v... 
650 |a Strength of materials 
904 |i Thùy Trang (sửa) 
980 |a Trung tâm Học liệu Trường Đại học Cần Thơ